Doctor Who Enemies Quiz Stats

 Plays Quiz Updated Nov 23, 2013

Support Sporcle.
Go Orange.
Score 0/30 Timer 05:00
10 Plays Today
% Correct
Dalek
94.1%
Weeping Angel
87.6%
Cyberman
87.5%
The Master
87.3%
Ood
85.6%
Silent
81.4%
Lady Cassandra O'Brien.Δ17
72.8%
Slitheen
68.7%
Sontaran
60.9%
Family of Blood
59.1%
Judoon
56.9%
Clockwork Droid
47.8%
Prisoner Zero
47.1%
Carrionites
46.4%
Autons
45.6%
% Correct
The Wire
44.5%
Vashta Nerada
44.3%
The Flood
39.9%
Sycorax
39.1%
Abzorbaloff
37.9%
Lazarus
35.1%
Heavenly Host
30.5%
Gelth
30%
The Mighty Jagrafess of the Holy Hadrojassic Maxarodenfoe
28.1%
Futurekind
27.6%
Empress of the Racnoss
27.2%
Krillitane
25.2%
Saturnynian
20.3%
Vespiform
20%
Krafayis
8.3%

You're not logged in!

Compare scores with friends on all Sporcle quizzes.
OR
Log In

From the Vault

My Heart Will Go On Clicky-oke

by Nb93

Admit it. You know you love this song.
Remove Ads.
Support Sporcle.
Get the best of Sporcle when you Go Orange. This ad-free experience offers more features, more stats, and more fun while also helping to support Sporcle. Thank you for becoming a member.

Show Comments

Extras

Top Quizzes Today


Score Distribution

Your Account Isn't Verified!

In order to create a playlist on Sporcle, you need to verify the email address you used during registration. Go to your Sporcle Settings to finish the process.

Report this User

Report this user for behavior that violates our Community Guidelines.

Details: